Rajasthani miniatures: The magic of strokes and colours (Record no. 395080)

MARC details
000 -LEADER
fixed length control field 00504 a2200193 4500
005 - DATE & TIME
control field 20260214105434.0
008 - FIXED-LENGTH DATA ELEMENTS--GENERAL INFORMATION
fixed length control field 260212b |||||||| |||| 00| 0 eng d
020 ## - ISBN
International Standard Book Number 9789386906267
Price Rs. 400.00
040 ## - CATALOGING SOURCE
Original cataloging agency VIVEKANANDA LIBRARY
082 ## - DDC NUMBER
Classification number 759.54
Book Number D159R
100 ## - MAIN ENTRY--PERSONAL NAME
Personal name Daljeet
245 ## - TITLE STATEMENT
Title Rajasthani miniatures: The magic of strokes and colours
260 ## - PUBLICATION, DISTRIBUTION, ETC. (IMPRINT)
Name of publisher, distributor, etc Niyogi Books
Date of publication, distribution, etc 2018
Place of publication, distribution, etc New Delhi
300 ## - PHYSICAL DESCRIPTION
Pages 392
650 ## - Subject
Subject Arts
650 ## - Subject
Subject Painting
650 ## - Subject
Subject India - Historical Treatment
942 ## - ADDED ENTRY ELEMENTS (KOHA)
Koha item type Books
Holdings
Withdrawn status Lost status Source of classification or shelving scheme Damaged status Not for loan Location (home branch) Sublocation or collection (holding branch) Shelving location Date acquired Koha issues (times borrowed) Koha full call number Accession No. Koha date last seen Koha item type
    Dewey Decimal Classification     VIVEKANANDA LIBRARY VIVEKANANDA LIBRARY Vivekananda Library 27/01/2026   759.54 D159R 444316 27/01/2026 Books
© Designed and Maintained by Vivekananda Library, MDU Rohtak